• 首页
  • 本馆介绍
  • 公告通知
  • 最新文献
  • 馆藏检索
  • 电子资源
  • 读者导购
  • 参考咨询
  • 我的图书馆
  • 登录
  • 详细信息显示
  • 放入我的书架
  • 预约/预借图书
  • 作者相关作品
  • 分类相关作品
  • 丛书相关作品
  • 出版社相关作品

书目信息

  • 表格格式
  • 工作单格式
  • 卡片格式
题名:
拉威尔圆舞曲
    
 
作者:
分册:  
出版信息:   光华出版社  
页数: 136页
开本: 20cm
丛书名:
单 册:
中图分类: J655.1
科图分类:
主题词: 外国音乐--作品 , 音乐--各国--作品
电子资源:
ISBN:
000 00486nam0 2200193 45
001 0312221749
005 20031222171155.5
010    @dCNY1.60
100    @a20031222d km y0chiy0120 ea
101    @achi
105    @a z 000yy
200 1  @a拉威尔圆舞曲@ALa Wei Er Yuan Wu Qu
210    @c光华出版社
215    @a136页@d20cm
606 0  @a外国音乐@x作品
606 0  @a音乐@y各国@x作品
690    @aJ655.1@v3
801    @aCN@bTSTCL@c20031222
905    @a213230@dJ655.1@e76@b74357-361@f5
    
    拉威尔圆舞曲.-光华出版社
    136页;20cm
    
    
    ISBN :CNY1.60
    
●
相关链接 在E读中查询图书 在五车中查询图书 在当当中查询图书 在豆瓣中查询图书


正题名:拉威尔圆舞曲     索取号:J655.1/76         预约/预借

序号 登录号 条形码 馆藏地/架位号 状态 备注
1 0074357   001690879   密集书库/ [索取号:J655.1/76] 在馆    
2 0074358   001690824   密集书库/ [索取号:J655.1/76] 在馆    
3 0074359   001690815   密集书库/ [索取号:J655.1/76] 在馆    
4 0074360   001690913   密集书库/ [索取号:J655.1/76] 在馆    
5 0074361   001690771   第一样本阅览室/ [索取号:J655.1/76] 在馆    
唐山师范学院图书馆 欢迎您!
大连网信软件有限公司© 版权所有